|
|
|
|
| LEADER |
01881nam a2200433 i 4500 |
| 001 |
EBC2070178 |
| 003 |
MiAaPQ |
| 005 |
20200909225244.0 |
| 006 |
m o d | |
| 007 |
cr cnu|||||||| |
| 008 |
150623t20152015enkao ob 000 0 eng d |
| 020 |
|
|
|z 9781784414979
|
| 020 |
|
|
|a 9781784414986
|q (electronic bk.)
|
| 035 |
|
|
|a (MiAaPQ)EBC2070178
|
| 035 |
|
|
|a (Au-PeEL)EBL2070178
|
| 035 |
|
|
|a (CaPaEBR)ebr11065664
|
| 035 |
|
|
|a (OCoLC)939554629
|
| 040 |
|
|
|a MiAaPQ
|b eng
|e rda
|e pn
|c MiAaPQ
|d MiAaPQ
|
| 050 |
|
4 |
|a HB615
|b .E587 2015
|
| 082 |
0 |
|
|a 338.04072
|2 23
|
| 245 |
0 |
0 |
|a Entrepreneurship in transitional economies /
|c guest editors, Song Lin and Philippe Lasserre.
|
| 264 |
|
1 |
|a [Bradford, England] :
|b Emerald,
|c 2015.
|
| 264 |
|
4 |
|c 2015
|
| 300 |
|
|
|a 1 online resource (145 pages) :
|b illustrations, photographs, tables.
|
| 336 |
|
|
|a text
|2 rdacontent
|
| 337 |
|
|
|a computer
|2 rdamedia
|
| 338 |
|
|
|a online resource
|2 rdacarrier
|
| 490 |
0 |
|
|a Chinese Management Studies,
|x 1750-614X ;
|v Volume 9, Number 2
|
| 504 |
|
|
|a Includes bibliographical references at the end of each chapters.
|
| 588 |
|
|
|a Description based on online resource; title from PDF cover (ebrary, viewed June 23, 2015).
|
| 590 |
|
|
|a Electronic reproduction. Ann Arbor, MI : ProQuest, 2016. Available via World Wide Web. Access may be limited to ProQuest affiliated libraries.
|
| 650 |
|
0 |
|a Entrepreneurship
|x Research.
|
| 650 |
|
0 |
|a Economics.
|
| 655 |
|
4 |
|a Electronic books.
|
| 700 |
1 |
|
|a Lasserre, Philippe,
|e editor.
|
| 700 |
1 |
|
|a Lin, Song,
|e editor.
|
| 776 |
0 |
8 |
|i Print version:
|t Entrepreneurship in transitional economies.
|d [Bradford, England] : Emerald, c2015
|h approximately 145 pages
|k Chinese Management Studies ; Volume 9, Number 2
|z 9781784414979
|
| 797 |
2 |
|
|a ProQuest (Firm)
|
| 856 |
4 |
0 |
|u https://ebookcentral.proquest.com/lib/matrademy/detail.action?docID=2070178
|z Click to View
|